| 000 | nam a22 a 4500 | ||
|---|---|---|---|
| 999 |
_c150071 _d150071 |
||
| 003 | BLK | ||
| 005 | 20230505121224.0 | ||
| 008 | 180410b bul|||||r ||||||| ||bul|| | ||
| 010 | _aKNG00156381000 | ||
| 040 | _aBLK | ||
| 041 |
_aBUL _cBUL |
||
| 072 | 7 |
_2bullib _aК _xКраезнание |
|
| 080 |
_aБългарска православна църква _b271.22(497.2) _z271.22(497.2) |
||
| 139 |
_aСтогодишнината на църквата Св. св. апостоли Петър и Павел и училището _bС 77 |
||
| 245 | 1 | 0 | _aСтогодишнината на църквата Св. св. апостоли Петър и Павел и училището 1836 - 1936 |
| 257 | _aBGR | ||
| 260 |
_aс. Осенец, Разградско _c1936 _fТърговище : печ. Кареев и син |
||
| 300 |
_a314 с. _bс ил., 1 л. : к. _c23 см |
||
| 380 | _a2 | ||
| 650 | 4 |
_aПравославна църква - България - история _9244199 |
|
| 651 | 4 |
_aОсенец _9179317 |
|
| 651 | 4 |
_aРазградско _9179428 |
|
| 653 | _aрелигия | ||
| 653 | _aхристиянство | ||
| 653 | _aцъркви | ||
| 653 | 7 |
_aучилища _9199130 |
|
| 653 | _aистория | ||
| 852 |
_aЦб 2.230.17072 _bЦб |
||
| 852 |
_aК 2/С 77 _bК |
||
| 856 | 4 |
_qpdf _i0.00 _lreg users access _fСтогодишнината на църквата Св. св. апостоли Петър и Павел и училището 1836 - 1936 _uhttp://185.138.176.146:18082/cgi-bin/koha/opac-retrieve-file.pl?id=2fe40d560052b63a87cf0b5f3cf48fce _xebook _zСтогодишнината на църквата Св. св. апостоли Петър и Павел и училището 1836 - 1936 |
|
| 856 | 4 |
_qpdf _i0.00 _ldisable |
|
| 942 |
_cKNG _n0 _s1 |
||
| 944 |
_aCR _c07.02.2014 _l07.02.2014 - от С1,Р / 07.02.2014 _kВаля_Йорданова |
||
| 944 |
_aED _c2023-04-13 _kКети |
||
| 999 | _d150071 | ||